Quizzes
Events
Quiz Creation
Community
Videos
Private Events
Remove Ads
Sign In
Join for FREE
Feedback
Dark Mode
Quiz Categories
Sports
Geography
Music
Movies
Television
Just For Fun
Miscellaneous
History
Literature
Language
Science
Gaming
Entertainment
Religion
Holiday
For Kids
Quiz Lab
Recent
Popular Today
Quiz Kudos Today
Editor Picks
Curator Picks
Quizzes by...
Day
Popularity
Type
Ratings
Length
Year
Community
Subscriptions
Recent Discussions
Orange Saloon
Badges
Playlists
Quests
Create
Leaderboards
Showdown
Live 5
Trivia Bingo
Activity
Puzzle Library
Sporcle Events
Private Events
Virtual Trivia
Globe League
Become a Host
Pub Owners
SporcleCon
Opinionation
Our Games
Videos
Blog
Mobile Apps
Partnerships
Remove Ads and Go Orange
Feedback
Entertainment
Celebrity
Famous
Musical
Broadway
Show
Quote
Comic Books
Anime
Superhero
DC Comics
Marvel
Cartoons
Animation
Entertainment
Celebrity
Famous
Musical
Broadway
Show
Quote
Comic Books
Anime
Superhero
DC Comics
Marvel
Cartoons
Animation
Random Quiz
Search Sporcle
×
Quiz Lab
Quiz Lab
Entertainment
Letter
Type in answers that appear in a list
Type in answers that appear in a list
Classic
Best Score? Go Orange.
Pokemon without Repeated Letters (Gen 3) Stats
Can you name the Pokemon with Repeated Letters (Gen 3)?
By
beepboop2
12m
54 Questions
138 Plays
138 Plays
138 Plays
Comments
Comments
Give Quiz Kudos
Give Quiz Kudos
-
- Ratings
hide this ad
More Info
Replay
Link that replays current quiz
Next Quiz
Link to next quiz in quiz playlist
You Got
0%
They Got
Avg Score
77%
Avg Friend Score
Upgrade to see
Score Distribution
Jump to the score distribution portion of the page
Score
0/54
Timer
12:00
0
Plays Today
Type(s)
Pokemon
% Correct
Water
Mudkip
93.4%
Water/
Grass
Lotad
91.9%
Rock/
Steel
Aron
91.9%
Water/
Grass
Lombre
89.7%
Fire/
Fighting
Blaziken
89%
Fire/
Fighting
Combusken
88.2%
Fire/
Ground
Numel
88.2%
Grass
Grovyle
87.5%
Water/
Ground
Swampert
87.5%
Fire/
Ground
Camerupt
87.5%
Rock/
Bug
Anorith
86%
Bug/
Poison
Dustox
85.3%
Dragon/
Ground
Flygon
85.3%
Dragon
Bagon
85.3%
Dragon/
Psychic
Latios
85.3%
Grass/
Dark
Nuzleaf
84.6%
Rock/
Steel
Lairon
84.6%
Rock/
Grass
Cradily
84.6%
Ice/
Water
Spheal
84.6%
Bug/
Flying
Beautifly
83.8%
Grass/
Dark
Shiftry
83.8%
Ice/
Water
Walrein
83.8%
Water/
Dark
Sharpedo
82.4%
Grass/
Flying
Tropius
82.4%
Dragon
Shelgon
82.4%
Water
Kyogre
82.4%
Bug
Wurmple
81.6%
Type(s)
Pokemon
% Correct
Bug/
Ghost
Shedinja
81.6%
Ground
Trapinch
79.4%
Steel/
Psychic
Beldum
78.7%
Steel/
Psychic
Metang
78.7%
Water/
Rock
Relicanth
77.9%
Water
Wailmer
76.5%
Water
Wailord
76.5%
Normal/
Flying
Swablu
72.8%
Ground/
Psychic
Baltoy
72.8%
Psychic
Ralts
72.1%
Normal
Slaking
72.1%
Steel
Mawile
72.1%
Psychic
Deoxys
72.1%
Normal
Slakoth
71.3%
Dark
Absol
71.3%
Dark
Mightyena
69.1%
Water
Huntail
66.2%
Bug
Volbeat
64.7%
Normal
Spinda
64%
Psychic
Spoink
63.2%
Poison
Gulpin
62.5%
Poison
Swalot
62.5%
Water
Luvdisc
62.5%
Normal
Whismur
60.3%
Normal
Exploud
59.6%
Normal
Castform
56.6%
Psychic
Wynaut
54.4%
Quiz Playlist
Details
Report
Send in Message
Add To Playlist
More Info:
Name the Pokemon with no repeated letters in their name from Generation 3.
Classic:
Type in answers that appear in a list
Last Updated: Feb 16, 2017
Quiz Scoreboard
CHALLENGE
Sign Up to Join the Scoreboard
Show All
Scores
Hide
Comments
May contain spoilers
Recently Published
Popular People in 1961
by mucciniale
History
6m
1-10 Letter E Words III
by El_Dandy
Language
2m
One Thing in Common: World Cities II
by knightlancer
Geography
7m
More to Explore
Quiz From the Vault
Featured Blog Post
Where Did the Easter Bunny Come From?
hide this ad
You Might Also Like...
Tags
Letter Quiz
Pokémon Quiz
gen
Gen 3
Repeated
Today's Top Quizzes in Entertainment
Browse Entertainment
hide this ad
Today's Top Quizzes in Letter
Browse Letter
Top Contributed Quizzes in Entertainment
1
Kamen Rider Motifs
2
Dragon Ball Z: Mega Character Search
3
Undead Unluck Minefield
4
Dragon Ball Z: Goku's Fights in Order
5
Survivor Winners Logic Quiz
6
Who Wants to Be a Millionaire: Anime Edition
7
10-to-1 Anime Arc Sorting Gallery
8
Criteria Quickie: Cartoon Taxonomy II
9
Ana Gasteyer or Kathryn Hahn?
10
One Piece 11-1
Explore More
Trending Topics
NBA
Anime
Disney
Marvel
Crossword
Harry Potter
Kpop
NFL
Country
Soccer
Song
WWE
Puzzle
Pokémon
The Office
hide this ad
More By:
beepboop2
Quiz
Plays
Rating
Category
Featured
Created
Big Brother Most Competitions Won
1,314
2.50
Television
Jan 21, 2012
Survivor First 2 Letters Of Contestants Names
559
4.40
Television
Jan 20, 2012
ANW Qualifier Fastest Time Shockers
410
Television
Jan 9, 2018
ANW City Finals Finishers Season 9
310
2.00
Television
Jan 9, 2018
Votes Against Veteran Survivor Contestants
272
3.50
Television
Jan 14, 2012
Go to Creator's Profile
Score Distribution
Quiz Creator Spotlight
beepboop2
Follow
Send a Message
Quizzes Created
-
Created Quiz Play Count
-
More By This Creator
Popular Quizzes Today
1
Find the US States - No Outlines Minefield
2
The Countries of the World
3
Popular People in 1961
4
Find the Countries of Europe - No Outlines Minefield
5
1-10 Letter E Words III
6
Find the US States
7
One Thing in Common: World Cities II
8
US States
More Entertainment Quizzes
Cartoon Character Color Quiz
Published
Trending Quizzes
Country Music Stars Doing Things
Get the Picture: Carrie or Dolly
1-10 Letter F Words
1-10 Letter G Words
Risky Map Clicking: Next State Alphabetically
Recently Updated
Leaping Animals
pecheneg
Reality TV Shows (A-Z)
bhenderson79
Rickey Henderson's Hall of Fame Teammates
pecheneg
Champions League XIs: Arsenal
pecheneg
Quick Pick: Celebrities in WWE's Hall of Fame
aduchscher
A-Z Keypad Blitz II
pecheneg
Multiple Oscar Actors
pecheneg
Mystery Phrase Blitz: Oscar 'Best Actors'
pecheneg
F. Scott Fitzgerald Novels
LTH
Pick 3 Villains
ddd62291
Trending Topics
Harry Potter
Kpop
Crossword
NBA
Marvel
Disney
Anime
Song
Pokémon
The Office
Country
WWE
NFL
Soccer
Puzzle
Your Account Isn't Verified!
In order to create a playlist on Sporcle, you need to verify the email address you used during registration. Go to your
Sporcle Settings
to finish the process.
Report this User
Report this user for behavior that violates our
Community Guidelines
.
Details:
Send Report
Go to the Sporcle.com Mobile Site →
Comments